[Event "ENG-ch Senior Over 65"]
[Site "Kenilworth"]
[Date "2024.05.27"]
[Round "6.2"]
[White "Littlewood, Paul E"]
[Black "Chapman, Terry PD"]
[Result "0-1"]
[WhiteElo "2317"]
[BlackElo "2290"]
[PlyCount "80"]
[EventDate "2024.05.24"]
[EventType "swiss"]
[EventRounds "7"]
[EventCountry "ENG"]

1. e4 c6 2. d4 d5 3. e5 Bf5 4. h4 h5 5. Bd3 Bxd3 6. Qxd3 Qa5+ 7. b4 Qxb4+ 8.
Nd2 Qb5 9. Qf3 e6 10. Rb1 Qa6 11. Ne2 Nd7 12. Rh3 g6 13. a4 Nh6 14. a5 Nf5 15.
Qc3 Be7 16. Nf3 Kf8 17. Bg5 c5 18. Bxe7+ Nxe7 19. dxc5 Rc8 20. Qb4 Rxc5 21.
Qxb7 Qxa5+ 22. Kd1 Rc7 23. Qb2 Kg7 24. Nfd4 Rb8 25. Rb3 Rxb3 26. cxb3 Qb4 27.
f3 Kh7 28. Rc1 Rxc1+ 29. Qxc1 Nc5 30. Qd2 Qb8 31. Qc3 Qb6 32. b4 Nd7 33. f4 a6
34. g3 Nb8 35. Kc2 Nbc6 36. Kb3 a5 37. b5 Nxd4+ 38. Nxd4 Nf5 39. Nc6 Qxb5+ 40.
Ka3 d4 0-1

[Event "ENG-ch Senior Over 65"]
[Site "Kenilworth"]
[Date "2024.05.27"]
[Round "6.3"]
[White "Chandler, Cliff R"]
[Black "Bonafont, Philip R"]
[Result "1/2-1/2"]
[WhiteElo "2168"]
[BlackElo "1986"]
[PlyCount "74"]
[EventDate "2024.05.24"]
[EventType "swiss"]
[EventRounds "7"]
[EventCountry "ENG"]

1. e4 c6 2. d4 d5 3. Nc3 dxe4 4. Nxe4 Nf6 5. Nxf6+ exf6 6. c3 Bd6 7. Bd3 O-O 8.
Ne2 Re8 9. O-O Nd7 10. Bf4 Nf8 11. Qd2 Ng6 12. Bxd6 Qxd6 13. Bxg6 hxg6 14. Rfe1
Be6 15. b3 Rad8 16. Rad1 b6 17. c4 g5 18. Nc3 Bf5 19. Rxe8+ Rxe8 20. d5 g6 21.
Re1 Rd8 22. Qb2 Kg7 23. dxc6 Qxc6 24. Nd5 Rd6 25. h3 Re6 26. Rd1 Re5 27. Ne3
Be6 28. Rd8 Qc5 29. Qd2 Qe7 30. Ra8 Rc5 31. Rd8 Rc7 32. Qd4 Qa3 33. h4 Qc5 34.
Qxc5 Rxc5 35. hxg5 fxg5 36. Ra8 Rc7 37. Kf1 Kf6 1/2-1/2

[Event "ENG-ch Senior Over 65"]
[Site "Kenilworth"]
[Date "2024.05.27"]
[Round "6.4"]
[White "Snape, Ian L"]
[Black "Burnett, James"]
[Result "1/2-1/2"]
[WhiteElo "2086"]
[BlackElo "2014"]
[PlyCount "87"]
[EventDate "2024.05.24"]
[EventType "swiss"]
[EventRounds "7"]
[EventCountry "ENG"]

1. c4 e6 2. g3 Nf6 3. Bg2 d5 4. Nf3 Be7 5. d4 O-O 6. Qc2 c6 7. O-O Nbd7 8. b3
b6 9. Bb2 Bb7 10. Nc3 Qc7 11. e4 Rfc8 12. Rac1 Qd8 13. Qb1 Qf8 14. e5 Ne8 15.
Rfe1 Nc7 16. Qd3 Rab8 17. cxd5 Ba6 18. Qe3 cxd5 19. Bf1 Bxf1 20. Rxf1 b5 21.
Ne1 b4 22. Na4 Nb5 23. Nd3 Rxc1 24. Rxc1 Rc8 25. Nac5 Nxc5 26. dxc5 a5 27. c6
Qd8 28. Bd4 Nxd4 29. Qxd4 Qc7 30. f4 f5 31. Kg2 Kf7 32. Ne1 Ra8 33. Qd3 a4 34.
Nf3 axb3 35. axb3 Ra5 36. Nd4 Bc5 37. Nxf5 Qxc6 38. Nd6+ Kg8 39. Qf3 Qd7 40. f5
Bxd6 41. fxe6 Qxe6 42. exd6 Ra2+ 43. Kh1 h6 44. Rf1 1/2-1/2

[Event "ENG-ch Senior Over 65"]
[Site "Kenilworth"]
[Date "2024.05.27"]
[Round "6.5"]
[White "Spanton, Tim R"]
[Black "Punnett, Alan K"]
[Result "1-0"]
[WhiteElo "1902"]
[BlackElo "1963"]
[PlyCount "103"]
[EventDate "2024.05.24"]
[EventType "swiss"]
[EventRounds "7"]
[EventCountry "ENG"]

1. e4 e6 2. d4 d5 3. exd5 exd5 4. Nf3 Bg4 5. h3 Bh5 6. Bd3 Nc6 7. c3 Bd6 8. O-O
Nge7 9. Re1 O-O 10. Bxh7+ Kh8 11. Bc2 f6 12. g4 Bg6 13. Nh4 Bxc2 14. Qxc2 Qd7
15. Nd2 g5 16. Ng6+ Nxg6 17. Qxg6 Qg7 18. Qxg7+ Kxg7 19. Nf1 Rh8 20. Kg2 Ne7
21. Ng3 Kf7 22. Bd2 Ng6 23. Nf5 Bf4 24. Be3 Rae8 25. Rh1 Re6 26. Rae1 Rhe8 27.
Kf3 Rh8 28. Bxf4 Nxf4 29. Rxe6 Nxe6 30. h4 gxh4 31. Rxh4 Ng5+ 32. Ke2 Re8+ 33.
Ne3 Ke6 34. f4 Ne4 35. Rh7 Kd6 36. Rh6 Kd7 37. Rh2 b5 38. Kd3 Kd6 39. b3 a5 40.
c4 bxc4+ 41. bxc4 c6 42. Nf5+ Kc7 43. c5 Rg8 44. Ne3 Rg7 45. Ke2 Nc3+ 46. Kf3
Nb5 47. Nf5 Rf7 48. Ke3 a4 49. Kd3 Kb7 50. Re2 Rf8 51. Re6 Rg8 52. Rxc6 1-0

[Event "ENG-ch Senior Over 65"]
[Site "Kenilworth"]
[Date "2024.05.27"]
[Round "6.6"]
[White "Baker, Chris W"]
[Black "Jackson, Sheila"]
[Result "1/2-1/2"]
[WhiteElo "2218"]
[BlackElo "2010"]
[PlyCount "49"]
[EventDate "2024.05.24"]
[EventType "swiss"]
[EventRounds "7"]
[EventCountry "ENG"]

1. c4 c6 2. e4 e6 3. Nc3 d5 4. exd5 exd5 5. cxd5 cxd5 6. d4 Nc6 7. Nf3 Bb4 8.
Bd3 Qe7+ 9. Be3 Nf6 10. O-O O-O 11. Re1 Be6 12. Bg5 Qd8 13. a3 Be7 14. Bc2 g6
15. h3 Re8 16. Rc1 Rc8 17. Bb3 a6 18. Bxf6 Bxf6 19. Bxd5 Bxd5 20. Rxe8+ Qxe8
21. Nxd5 Bg7 22. Ne3 Nxd4 23. Nxd4 Rxc1 24. Qxc1 Bxd4 25. Qd2 1/2-1/2

[Event "ENG-ch Senior Over 65"]
[Site "Kenilworth"]
[Date "2024.05.27"]
[Round "6.7"]
[White "Moore, Geoffrey R"]
[Black "Wager, John D"]
[Result "1/2-1/2"]
[WhiteElo "2014"]
[BlackElo "2020"]
[PlyCount "74"]
[EventDate "2024.05.24"]
[EventType "swiss"]
[EventRounds "7"]
[EventCountry "ENG"]

1. e4 c6 2. d4 d5 3. e5 Bf5 4. h4 h5 5. Bd3 Bxd3 6. Qxd3 e6 7. Bg5 Qb6 8. Nd2
c5 9. c4 cxd4 10. Ngf3 Nc6 11. O-O Be7 12. Rfe1 Bxg5 13. Nxg5 Nh6 14. cxd5 exd5
15. e6 O-O-O 16. exf7 Rdf8 17. Qh3+ Kb8 18. Qd7 Qd8 19. Qe6 Qf6 20. Qxd5 Nxf7
21. Nde4 Qd8 22. Qb3 Nxg5 23. Nxg5 Qf6 24. Qg3+ Qf4 25. Qxf4+ Rxf4 26. g3 Rf6
27. Rad1 Rd8 28. a3 a5 29. Rd2 Rd7 30. Kg2 Rf5 31. Re8+ Ka7 32. Rh8 Ne5 33. b3
a4 34. bxa4 Nc4 35. Rd3 Nb2 36. Rd2 Nc4 37. Rd1 Nb2 1/2-1/2

[Event "ENG-ch Senior Over 65"]
[Site "Kenilworth"]
[Date "2024.05.27"]
[Round "6.8"]
[White "Bray, Dave J"]
[Black "Stokes, Mike R"]
[Result "1-0"]
[WhiteElo "1963"]
[BlackElo "1968"]
[PlyCount "45"]
[EventDate "2024.05.24"]
[EventType "swiss"]
[EventRounds "7"]
[EventCountry "ENG"]

1. Nf3 Nf6 2. c4 c5 3. Nc3 d5 4. cxd5 Nxd5 5. g3 Nc6 6. Bg2 Nc7 7. O-O e5 8. d3
Be7 9. Be3 O-O 10. Rc1 b6 11. a3 f6 12. Ng5 Qd6 13. Qb3+ Ne6 14. Nb5 Na5 15.
Qa2 Qd7 16. Nxe6 Rf7 17. Bxa8 Qxb5 18. Bd5 Bb7 19. Nd8 Bxd8 20. Bxf7+ Kf8 21.
Bd5 Bc8 22. b4 Nb7 23. bxc5 1-0

[Event "ENG-ch Senior Over 65"]
[Site "Kenilworth"]
[Date "2024.05.27"]
[Round "6.9"]
[White "Bellers, Chris JV"]
[Black "Moore, John C"]
[Result "1/2-1/2"]
[WhiteElo "1926"]
[BlackElo "1950"]
[PlyCount "70"]
[EventDate "2024.05.24"]
[EventType "swiss"]
[EventRounds "7"]
[EventCountry "ENG"]

1. c4 c6 2. Nf3 d5 3. e3 Nf6 4. b3 Bf5 5. Bb2 e6 6. Be2 Nbd7 7. Nh4 Bg6 8. Nxg6
hxg6 9. d3 Qc7 10. h3 Bb4+ 11. Bc3 a5 12. a3 Bd6 13. Nd2 e5 14. Bb2 O-O 15. O-O
Rfe8 16. Rc1 Qd8 17. cxd5 cxd5 18. Nf3 Qe7 19. a4 Rac8 20. Rc2 Nb8 21. Rxc8
Rxc8 22. d4 e4 23. Ne5 Nbd7 24. Nxd7 Nxd7 25. Bb5 f5 26. Qe2 Nf6 27. Rc1 Rxc1+
28. Bxc1 Qc7 29. Bd2 b6 30. Qd1 Kf7 31. Qc1 Qxc1+ 32. Bxc1 g5 33. g3 Bb4 34.
Kf1 Ke6 35. Ke2 Bd6 1/2-1/2

[Event "ENG-ch Senior Over 65"]
[Site "Kenilworth"]
[Date "2024.05.27"]
[Round "6.10"]
[White "Dennis, Nigel W"]
[Black "Hutchinson, Norman A"]
[Result "0-1"]
[WhiteElo "1892"]
[BlackElo "1952"]
[PlyCount "128"]
[EventDate "2024.05.24"]
[EventType "swiss"]
[EventRounds "7"]
[EventCountry "ENG"]

1. e4 c6 2. d4 d5 3. exd5 cxd5 4. c4 Nf6 5. Nc3 Nc6 6. Bg5 dxc4 7. d5 Na5 8.
Bxc4 Nxc4 9. Qa4+ Bd7 10. Qxc4 Qb6 11. Nf3 Rc8 12. Qe2 h6 13. Be3 Qa5 14. Qd2
e6 15. dxe6 Bxe6 16. a3 Be7 17. O-O O-O 18. b4 Qd8 19. Rac1 a5 20. Nb1 axb4 21.
Rxc8 Qxc8 22. Rc1 Qd8 23. axb4 Qxd2 24. Bxd2 Ne4 25. Be1 Bf6 26. Nbd2 Nc3 27.
Kh1 Ra8 28. Nf1 Na2 29. Rc7 b5 30. Ne3 Ra4 31. Nc2 Bc4 32. h3 Bd3 33. Nfd4 Bxd4
34. Nxd4 Nxb4 35. Bxb4 Rxb4 36. Rd7 Bc4 37. Rb7 g6 38. Kh2 Kg7 39. Nc6 Rb2 40.
Kg3 Bd5 41. Rb6 Rb3+ 42. Kh2 Bxc6 43. Rxc6 Rd3 44. Rb6 Rd5 45. Kg3 h5 46. Kf3
Rc5 47. Ke3 g5 48. g3 f6 49. Kd4 Rf5 50. Ke4 Rxf2 51. Rxb5 Kg6 52. Rb3 Rh2 53.
g4 Rf2 54. Ke3 Rf4 55. gxh5+ Kxh5 56. Ke2 Kh4 57. Ra3 f5 58. Rb3 Re4+ 59. Kf2
f4 60. Rb8 Kxh3 61. Rg8 Kg4 62. Rf8 Ra4 63. Rg8 Ra2+ 64. Kf1 Kf3 0-1

[Event "ENG-ch Senior Over 65"]
[Site "Kenilworth"]
[Date "2024.05.27"]
[Round "6.11"]
[White "Neatherway, A Philip"]
[Black "Hawkins, James N"]
[Result "1/2-1/2"]
[WhiteElo "1831"]
[BlackElo "1930"]
[PlyCount "40"]
[EventDate "2024.05.24"]
[EventType "swiss"]
[EventRounds "7"]
[EventCountry "ENG"]

1. e4 e5 2. Nf3 Nc6 3. Bb5 a6 4. Ba4 Nf6 5. Qe2 b5 6. Bb3 Be7 7. c3 O-O 8. O-O
d5 9. d3 Bg4 10. Nbd2 d4 11. Rd1 Qd6 12. Nf1 Be6 13. Bxe6 Qxe6 14. Ng3 Rfd8 15.
Nf5 Bc5 16. Ng5 Qe8 17. Kh1 Ne7 18. Nxe7+ Qxe7 19. cxd4 Bxd4 20. Be3 c5 1/2-1/2

[Event "ENG-ch Senior Over 65"]
[Site "Kenilworth"]
[Date "2024.05.27"]
[Round "6.12"]
[White "Erdogan, Hassan"]
[Black "De Coverly, Roger D"]
[Result "0-1"]
[WhiteElo "1877"]
[BlackElo "1901"]
[PlyCount "58"]
[EventDate "2024.05.24"]
[EventType "swiss"]
[EventRounds "7"]
[EventCountry "ENG"]

1. Nf3 Nf6 2. b3 d6 3. Bb2 e5 4. d3 g6 5. e4 Bg7 6. g3 O-O 7. Bg2 Nc6 8. O-O h6
9. Nc3 Be6 10. h3 Qd7 11. Kh2 Nh7 12. Ng1 f5 13. exf5 gxf5 14. Nce2 f4 15. gxf4
exf4 16. Bxg7 Qxg7 17. Qd2 Ng5 18. Nf3 Bxh3 19. Nxg5 Bxg2 20. Ne6 Qg4 21. f3
Qh3+ 22. Kg1 Bxf1 23. N2xf4 Qg3+ 24. Kxf1 Qxf3+ 25. Kg1 Rf7 26. Kh2 Ne5 27. d4
Ng4+ 28. Kg1 Qg3+ 29. Kf1 Re8 0-1

[Event "ENG-ch Senior Over 65"]
[Site "Kenilworth"]
[Date "2024.05.27"]
[Round "6.13"]
[White "Hughes, Roy"]
[Black "Goodwin, Ed H"]
[Result "1-0"]
[WhiteElo "1988"]
[BlackElo "1898"]
[PlyCount "55"]
[EventDate "2024.05.24"]
[EventType "swiss"]
[EventRounds "7"]
[EventCountry "ENG"]

1. d4 e6 2. Nf3 f5 3. g3 Nf6 4. Bg2 Be7 5. O-O O-O 6. c4 d6 7. b3 Ne4 8. Bb2
Bf6 9. Nbd2 Nd7 10. Qc2 Nxd2 11. Qxd2 e5 12. dxe5 Nxe5 13. Rad1 Nxf3+ 14. Bxf3
Bxb2 15. Qxb2 Qe7 16. Rd4 Rb8 17. Rfd1 b6 18. Qd2 Bb7 19. Bxb7 Rxb7 20. Rf4
Rbb8 21. Qd5+ Kh8 22. e3 Qe5 23. Qc6 Qb2 24. Qxc7 Qxa2 25. Rxd6 Qxb3 26. Rd7
Qb2 27. Rfd4 Rg8 28. Rxg7 1-0

[Event "ENG-ch Senior Over 65"]
[Site "Kenilworth"]
[Date "2024.05.27"]
[Round "6.14"]
[White "Fleming, Andrew SJ"]
[Black "Myall, Ivan J"]
[Result "1-0"]
[WhiteElo "1905"]
[BlackElo "1933"]
[PlyCount "93"]
[EventDate "2024.05.24"]
[EventType "swiss"]
[EventRounds "7"]
[EventCountry "ENG"]

1. e4 e5 2. Nf3 Nc6 3. Bb5 Bc5 4. O-O Nd4 5. Nxd4 Bxd4 6. c3 Bb6 7. d4 c6 8.
Ba4 d6 9. d5 Ne7 10. Nd2 O-O 11. Nc4 Bc7 12. Ne3 b5 13. Bc2 c5 14. a4 b4 15. c4
a5 16. b3 Bd7 17. Bb2 Ng6 18. g3 Bh3 19. Ng2 Qd7 20. f3 h5 21. Rf2 f5 22. exf5
Bxf5 23. Ne3 Bxc2 24. Qxc2 Rf6 25. Raf1 Raf8 26. f4 Qe8 27. f5 Nh8 28. g4 g5
29. h4 Nf7 30. gxh5 Rh6 31. Ng4 Bd8 32. Nxh6+ Nxh6 33. Qe2 g4 34. Bc1 Qxh5 35.
Bxh6 Qxh6 36. Qxg4+ Kh8 37. Rg2 Bf6 38. Rf3 e4 39. Qxe4 Bd4+ 40. Kh2 Qc1 41.
Rg6 Be5+ 42. Kh3 Qd2 43. Kg4 Rf7 44. f6 Qg2+ 45. Kf5 Qh2 46. Ke6 Rh7 47. Qg4
1-0

[Event "ENG-ch Senior Over 65"]
[Site "Kenilworth"]
[Date "2024.05.27"]
[Round "6.15"]
[White "Clare, Steve"]
[Black "Wall, Robert"]
[Result "0-1"]
[WhiteElo "1765"]
[BlackElo "1766"]
[PlyCount "88"]
[EventDate "2024.05.24"]
[EventType "swiss"]
[EventRounds "7"]
[EventCountry "ENG"]

1. e4 e6 2. d4 d5 3. Nd2 Nf6 4. e5 Nfd7 5. Bd3 c5 6. c3 Nc6 7. Ne2 Qb6 8. Nf3
cxd4 9. cxd4 Bb4+ 10. Bd2 f5 11. exf6 Nxf6 12. O-O O-O 13. Rc1 Bd7 14. a3 Bd6
15. Bc3 Ne7 16. Bb1 Rae8 17. Ng3 Bf4 18. Bd2 Bxd2 19. Qxd2 Nf5 20. Nxf5 exf5
21. Ne5 Be6 22. Rce1 Ne4 23. Bxe4 dxe4 24. Rd1 Rd8 25. Qc3 Rc8 26. Qb4 Qxb4 27.
axb4 Rfd8 28. f3 e3 29. Rfe1 f4 30. g3 g5 31. Kf1 Rc2 32. Re2 Bc4 33. Nxc4 Rxc4
34. gxf4 gxf4 35. d5 Rd6 36. b5 Rc5 37. Rg2+ Kf7 38. Rg4 Rc4 39. Rg5 h6 40. Re5
Kf6 41. Rh5 Ke7 42. Ke1 Kd7 43. Rf5 Rg6 44. Kf1 Rc2 0-1

[Event "ENG-ch Senior Over 65"]
[Site "Kenilworth"]
[Date "2024.05.27"]
[Round "6.16"]
[White "Collins, Nigel"]
[Black "Robinson, Steve"]
[Result "1-0"]
[WhiteElo "1602"]
[BlackElo "1632"]
[PlyCount "151"]
[EventDate "2024.05.24"]
[EventType "swiss"]
[EventRounds "7"]
[EventCountry "ENG"]

1. c4 c5 2. Nc3 Nc6 3. g3 g6 4. Bg2 Bg7 5. e4 d6 6. Nge2 Nf6 7. O-O O-O 8. d3
Bg4 9. h3 Bd7 10. Be3 Qc8 11. Kh2 Ne5 12. f3 a6 13. Nd5 Nxd5 14. exd5 f5 15. f4
Nf7 16. Rb1 b5 17. b3 b4 18. d4 Ra7 19. dxc5 dxc5 20. Nc1 Nd6 21. Nd3 Bd4 22.
Bxd4 cxd4 23. Nxb4 Ne4 24. Qxd4 Qc5 25. Qxc5 Nxc5 26. Nc6 Bxc6 27. dxc6 Ne4 28.
Bxe4 fxe4 29. Rfe1 Rd8 30. Rbd1 Rxd1 31. Rxd1 Rc7 32. Re1 Rxc6 33. Rxe4 Kf8 34.
Re2 Kf7 35. Kg2 e6 36. Kf3 Rd6 37. Ke3 Rd1 38. Kf3 Rd3+ 39. Kf2 h6 40. Kg2 Kf6
41. Rc2 Ke7 42. c5 Kd7 43. b4 Kc6 44. Rb2 h5 45. Kf2 Kc7 46. Kg2 Kc6 47. Re2
Kb5 48. Rxe6 Rd2+ 49. Kf3 Rd3+ 50. Re3 Rd4 51. Rb3 Kc6 52. Ke3 Rd1 53. a3 Kb5
54. Rd3 Rg1 55. Ke4 a5 56. bxa5 Rc1 57. Kd4 Kxa5 58. Rc3 Rd1+ 59. Kc4 Rd8 60.
Rd3 Re8 61. Kd5 Rd8+ 62. Ke4 Re8+ 63. Kd4 Rd8+ 64. Kc4 Re8 65. Rf3 Re1 66. Kd5
Rd1+ 67. Kc6 Ka6 68. Rc3 Rd2 69. Kc7 Ka7 70. c6 Rd1 71. Kc8 Rd2 72. c7 Rd1 73.
Rb3 Rd2 74. Rb7+ Ka8 75. Rb3 Rd4 76. Rb4 1-0

[Event "ENG-ch Senior Over 65"]
[Site "Kenilworth"]
[Date "2024.05.27"]
[Round "6.17"]
[White "Morris, Nigel W"]
[Black "Selley, Susan A"]
[Result "1-0"]
[WhiteElo "1637"]
[BlackElo "1621"]
[PlyCount "85"]
[EventDate "2024.05.24"]
[EventType "swiss"]
[EventRounds "7"]
[EventCountry "ENG"]

1. d4 d6 2. Nf3 g6 3. e4 Bg7 4. Bc4 Nf6 5. Nc3 O-O 6. h3 a6 7. a4 Nc6 8. Be3 e6
9. Qd2 d5 10. Bd3 dxe4 11. Nxe4 Nxe4 12. Bxe4 Ne7 13. Bh6 Nf5 14. Bxg7 Nxg7 15.
Rd1 c6 16. c4 Re8 17. O-O Nf5 18. Bxf5 exf5 19. d5 cxd5 20. cxd5 Qd6 21. Qd4
Re4 22. Qc3 Rxa4 23. Rfe1 Re4 24. Rxe4 fxe4 25. Ng5 f5 26. h4 h6 27. Nh3 Bd7
28. Qb3 b5 29. g3 a5 30. Nf4 Kh7 31. Ne2 a4 32. Qa2 b4 33. b3 Ra5 34. Rd4 Rxd5
35. bxa4 Rxd4 36. Nxd4 Bxa4 37. Qf7+ Kh8 38. Ne6 Qd7 39. Qf6+ Kg8 40. Qxg6+ Kh8
41. Qxh6+ Qh7 42. Qf6+ Kg8 43. Qf8# 1-0

[Event "ENG-ch Senior Over 65"]
[Site "Kenilworth"]
[Date "2024.05.27"]
[Round "6.18"]
[White "Carpenter, David J"]
[Black "Jerome, Stellio"]
[Result "0-1"]
[WhiteElo "1635"]
[BlackElo "1673"]
[PlyCount "118"]
[EventDate "2024.05.24"]
[EventType "swiss"]
[EventRounds "7"]
[EventCountry "ENG"]

1. Nf3 f5 2. g3 Nf6 3. Bg2 e6 4. O-O Be7 5. d4 d6 6. c4 O-O 7. Nc3 Qe8 8. Re1
Ne4 9. Qd3 Qg6 10. Bf4 Nc6 11. Nd2 Nxc3 12. Qxc3 Bf6 13. Nf3 Nxd4 14. Nxd4 c5
15. Bxd6 Bxd4 16. Qc2 Rd8 17. Bc7 Rd7 18. Ba5 Rb8 19. e3 Bf6 20. Red1 Rxd1+ 21.
Rxd1 b6 22. Bc3 Ba6 23. Bxf6 Qxf6 24. Qd3 Qxb2 25. Qd6 Rf8 26. Qxe6+ Kh8 27.
Qe7 Rg8 28. Rd8 Qa1+ 29. Bf1 Bxc4 30. Rxg8+ Bxg8 31. a3 h6 32. Qxa7 Bc4 33.
Qa8+ Kh7 34. Qg2 Bxf1 35. Qxf1 Qxa3 36. Qb1 g6 37. Qxb6 Qa1+ 38. Kg2 Qa8+ 39.
Kg1 Qf8 40. Qc7+ Kg8 41. Qe5 c4 42. Qd5+ Qf7 43. Qxf7+ Kxf7 44. Kf1 Ke6 45. Ke2
Kd5 46. Kd2 g5 47. f3 h5 48. Kc3 g4 49. f4 Kc5 50. Kc2 Kb4 51. Kb2 c3+ 52. Kc2
Kc4 53. e4 fxe4 54. f5 e3 55. Kd1 Kd3 56. f6 e2+ 57. Ke1 c2 58. f7 c1=Q+ 59.
Kf2 Qf1# 0-1

[Event "ENG-ch Senior Over 65"]
[Site "Kenilworth"]
[Date "2024.05.28"]
[Round "7.1"]
[White "Large, Peter G"]
[Black "Chapman, Terry PD"]
[Result "1/2-1/2"]
[WhiteElo "2313"]
[BlackElo "2290"]
[PlyCount "90"]
[EventDate "2024.05.24"]
[EventType "swiss"]
[EventRounds "7"]
[EventCountry "ENG"]

1. e4 c6 2. d4 d5 3. exd5 cxd5 4. c4 Nf6 5. Nc3 Nc6 6. Bg5 Ne4 7. cxd5 Nxc3 8.
bxc3 Qxd5 9. Nf3 Bg4 10. Qb3 Bxf3 11. gxf3 Qxb3 12. axb3 e6 13. Rg1 h6 14. Be3
a6 15. b4 O-O-O 16. b5 axb5 17. Bxb5 g5 18. Ke2 Bd6 19. Rgb1 Bxh2 20. Bxc6 bxc6
21. Ra8+ Kd7 22. Ra7+ Bc7 23. Rbb7 Rc8 24. f4 f6 25. d5 Kd6 26. dxe6 Bb8 27.
Ra5 gxf4 28. Bxf4+ Kxe6 29. Be3 Bd6 30. Rh5 Rb8 31. Rg7 Be5 32. f4 Bxc3 33. Kd3
Bb2 34. Kc4 Rb5 35. Bc5 Re8 36. f5+ Ke5 37. Rg2 Kf4 38. Rf2+ Kg4 39. Rhh2 Re4+
40. Kd3 Rf4 41. Rfg2+ Kf3 42. Rf2+ Kg4 43. Rfg2+ Kf3 44. Rf2+ Kg4 45. Rfg2+ Kf3
1/2-1/2

[Event "ENG-ch Senior Over 65"]
[Site "Kenilworth"]
[Date "2024.05.28"]
[Round "7.2"]
[White "Hutchinson, Paul A"]
[Black "Littlewood, Paul E"]
[Result "0-1"]
[WhiteElo "1970"]
[BlackElo "2317"]
[PlyCount "90"]
[EventDate "2024.05.24"]
[EventType "swiss"]
[EventRounds "7"]
[EventCountry "ENG"]

1. d4 Nf6 2. Nf3 g6 3. c4 Bg7 4. Nc3 O-O 5. Bg5 h6 6. Bh4 d6 7. e3 c6 8. Be2 a6
9. Qc2 b5 10. b4 a5 11. bxa5 g5 12. Bg3 b4 13. Nb1 Qxa5 14. O-O Nh5 15. Nbd2 f5
16. Nb3 Qc7 17. Rad1 Nxg3 18. hxg3 c5 19. Ne1 Be6 20. Bf3 Ra3 21. d5 Bc8 22.
Nd3 Nd7 23. e4 g4 24. Be2 fxe4 25. Nf4 Ne5 26. f3 exf3 27. gxf3 Bf5 28. Qc1
gxf3 29. Bxf3 Rxa2 30. Rd2 Ra3 31. Bd1 Qd7 32. Bc2 Bxc2 33. Qxc2 Qf5 34. Qd1
Qg4 35. Qxg4 Nxg4 36. Nc1 Rxg3+ 37. Kh1 Rh3+ 38. Kg1 Bd4+ 39. Rxd4 Rg3+ 40. Kh1
cxd4 41. Nce2 Rh3+ 42. Kg1 d3 43. Nd4 Rg3+ 44. Kh1 Rxf4 45. Rxf4 d2 0-1

[Event "ENG-ch Senior Over 65"]
[Site "Kenilworth"]
[Date "2024.05.28"]
[Round "7.3"]
[White "Burnett, James"]
[Black "Chandler, Cliff R"]
[Result "1/2-1/2"]
[WhiteElo "2014"]
[BlackElo "2168"]
[PlyCount "85"]
[EventDate "2024.05.24"]
[EventType "swiss"]
[EventRounds "7"]
[EventCountry "ENG"]

1. d4 d5 2. c4 Nc6 3. cxd5 Qxd5 4. e3 e5 5. Nc3 Bb4 6. Bd2 Bxc3 7. Bxc3 exd4 8.
Ne2 Nf6 9. Nxd4 O-O 10. f3 Re8 11. Kf2 Qg5 12. Qd2 Nxd4 13. Bxd4 c5 14. Bc3 Bd7
15. e4 Qxd2+ 16. Bxd2 Bc6 17. Bc3 Rad8 18. Be2 Kf8 19. Rhd1 Ke7 20. Rxd8 Rxd8
21. Rd1 Rxd1 22. Bxd1 Ne8 23. Ke3 f6 24. h4 Nd6 25. b3 b5 26. Bc2 b4 27. Bb2 a5
28. e5 fxe5 29. Bxe5 g6 30. g4 Ke6 31. f4 Bd5 32. Bg7 c4 33. Kd4 cxb3 34. axb3
Nb5+ 35. Kc5 Na3 36. Bd1 Be4 37. Be2 Bc2 38. Bc4+ Nxc4 39. Kxc4 Bd1 40. g5 Kf5
41. Be5 a4 42. bxa4 Bxa4 43. Kxb4 1/2-1/2

[Event "ENG-ch Senior Over 65"]
[Site "Kenilworth"]
[Date "2024.05.28"]
[Round "7.4"]
[White "Bonafont, Philip R"]
[Black "Snape, Ian L"]
[Result "0-1"]
[WhiteElo "1986"]
[BlackElo "2086"]
[PlyCount "38"]
[EventDate "2024.05.24"]
[EventType "swiss"]
[EventRounds "7"]
[EventCountry "ENG"]

1. e4 c5 2. Nf3 d6 3. Bb5+ Bd7 4. Bxd7+ Nxd7 5. O-O Ngf6 6. Qe2 e6 7. b3 Be7 8.
Bb2 O-O 9. c4 a6 10. Nc3 Ne5 11. d3 Qc7 12. Nxe5 dxe5 13. f4 exf4 14. e5 Nd7
15. Rae1 Bh4 16. Qh5 Bxe1 17. Rxe1 f6 18. exf6 Nxf6 19. Qf3 Rae8 0-1

[Event "ENG-ch Senior Over 65"]
[Site "Kenilworth"]
[Date "2024.05.28"]
[Round "7.5"]
[White "Hutchinson, Norman A"]
[Black "Spanton, Tim R"]
[Result "1-0"]
[WhiteElo "1952"]
[BlackElo "1902"]
[PlyCount "59"]
[EventDate "2024.05.24"]
[EventType "swiss"]
[EventRounds "7"]
[EventCountry "ENG"]

1. e4 e5 2. Nf3 Nc6 3. Bb5 Nf6 4. d3 Bc5 5. c3 d5 6. Qe2 O-O 7. O-O Re8 8. Bg5
dxe4 9. dxe4 h6 10. Bh4 Qe7 11. Nbd2 Bd7 12. b4 Bd6 13. Nc4 Nd4 14. Nxd4 exd4
15. Bxf6 gxf6 16. Nxd6 Qxd6 17. Bxd7 Qxd7 18. Rad1 Re5 19. Rxd4 Qe7 20. Qg4+
Rg5 21. Qf4 Qe5 22. Qxe5 fxe5 23. Rd7 Rc8 24. Rfd1 Kf8 25. R7d5 Ke7 26. h4 Rh5
27. g3 Ke6 28. f4 f5 29. Rxe5+ Kf6 30. Ra5 1-0

[Event "ENG-ch Senior Over 65"]
[Site "Kenilworth"]
[Date "2024.05.28"]
[Round "7.6"]
[White "Punnett, Alan K"]
[Black "Baker, Chris W"]
[Result "1/2-1/2"]
[WhiteElo "1963"]
[BlackElo "2218"]
[PlyCount "41"]
[EventDate "2024.05.24"]
[EventType "swiss"]
[EventRounds "7"]
[EventCountry "ENG"]

1. e4 e5 2. Nf3 d6 3. Bc4 Be7 4. O-O Nf6 5. Re1 O-O 6. d4 Nbd7 7. c3 c6 8. Bb3
h6 9. Nbd2 Re8 10. Nf1 Bf8 11. Ng3 g6 12. Bd2 a5 13. a4 Qe7 14. Qc2 Bg7 15. h3
Nf8 16. dxe5 dxe5 17. Bc4 Be6 18. Nxe5 Nh5 19. Nxh5 Bxe5 20. Bxe6 Nxe6 21. Ng3
1/2-1/2

[Event "ENG-ch Senior Over 65"]
[Site "Kenilworth"]
[Date "2024.05.28"]
[Round "7.7"]
[White "Jackson, Sheila"]
[Black "Bray, Dave J"]
[Result "1/2-1/2"]
[WhiteElo "2010"]
[BlackElo "1963"]
[PlyCount "41"]
[EventDate "2024.05.24"]
[EventType "swiss"]
[EventRounds "7"]
[EventCountry "ENG"]

1. e4 c5 2. Nf3 e6 3. d4 cxd4 4. Nxd4 Nc6 5. Be3 Qc7 6. Nb5 Qb8 7. c4 Nf6 8.
N5c3 d6 9. Be2 Be7 10. O-O O-O 11. f4 b6 12. Bf3 Bb7 13. Qe2 Qc7 14. Nb5 Qb8
15. N1c3 Nd7 16. Rad1 a6 17. Nd4 Nxd4 18. Bxd4 Qc7 19. Rc1 Rac8 20. b3 Bf6 21.
Bxf6 1/2-1/2

[Event "ENG-ch Senior Over 65"]
[Site "Kenilworth"]
[Date "2024.05.28"]
[Round "7.8"]
[White "Wager, John D"]
[Black "De Coverly, Roger D"]
[Result "1-0"]
[WhiteElo "2020"]
[BlackElo "1901"]
[PlyCount "103"]
[EventDate "2024.05.24"]
[EventType "swiss"]
[EventRounds "7"]
[EventCountry "ENG"]

1. c4 Nf6 2. Nf3 g6 3. g3 Bg7 4. Bg2 O-O 5. d4 d6 6. O-O Nc6 7. d5 Nb8 8. Nc3
a5 9. e4 Na6 10. Nd4 Nc5 11. h3 e5 12. dxe6 fxe6 13. Bg5 e5 14. Nc2 Ne6 15. Be3
Kh8 16. Qd2 c5 17. Nd5 Nxd5 18. cxd5 Nd4 19. Nxd4 cxd4 20. Bg5 Qb6 21. Rfc1 Bd7
22. Rc2 Rac8 23. Rac1 Rxc2 24. Rxc2 Rc8 25. Rxc8+ Bxc8 26. Qc2 Bd7 27. Bf1 Kg8
28. Kg2 a4 29. Be2 Qc5 30. Qxc5 dxc5 31. Bg4 Bxg4 32. hxg4 Kf7 33. Kf1 c4 34.
Ke2 Bf8 35. Kd1 a3 36. bxa3 Bxa3 37. Bd8 d3 38. Ba5 b5 39. Kd2 Ke7 40. f4 Bd6
41. f5 Bc5 42. Bc3 gxf5 43. gxf5 Kf6 44. Ba5 Kg5 45. Bc7 Kg4 46. Bxe5 Kf3 47.
d6 b4 48. Bf4 Kxe4 49. f6 c3+ 50. Kd1 Be3 51. Bxe3 Kxe3 52. d7 1-0